Les Chansons de Get Rich Or Die Trying (50 cent) - Statistiques

Statistiques générales
  • Ce quiz a été pris 33 fois
  • Le résultat moyen est 7 sur 19
Statistiques - réponses
Hint Réponse % Correct
11 P.I.M.P
78%
5 In da club
74%
14 ft Nate Dogg 21 questions
67%
17 - Bonus Track Wanksta
52%
8 If i can't
44%
3 ft Eminem Patiently waiting
44%
7 Heat
41%
1 Intro
37%
2 What up gangsta
37%
15 ft Lloyd Banks, Eminem Don't push me
30%
10 ft Young Buck Back down
26%
6 High all the time
26%
13 Poor lil rich
26%
16 Gotta make it to heaven
19%
9 Blood hound
15%
19 - Bonus track Lifes on the line
15%
12 ft Tony Yayo Like my style
11%
18 - Bonus Track U not like me
11%
4 Many men (Wish dead)
4%
Aucun quiz correspondant
Distribution des résultats
% des personnes avec chaque résultat
Percentile par nombre de réponses
Votre historique - résultats
Vous n’avez pas pris ce quiz